Maryport : a Roman fort and its community /

The collection of Roman inscribed stones and sculpture, together with other Roman objects found at Maryport in Cumbria, is the oldest archaeological collection in Britain still in private hands. David Breeze places the collection in context and describes the history of research at the site.

محفوظ في:

المؤلف الرئيسي: Breeze, David J. (مؤلف)

التنسيق: كتاب الكتروني

اللغة: English

منشور في: Summertown, Oxford : Archaeopress Publishing Ltd, 2018.

الموضوعات:

الوصول للمادة أونلاين: Login to view Source

الوسوم: إضافة وسم

لا توجد وسوم, كن أول من يضع وسما على هذه التسجيلة!

رقم الطلب: DA147

LEADER 01825nam a2200397 i 4500
001 EDZ0001947645
003 StDuBDS
005 20230412182129.0
006 m|||||o||d||||||||
007 cr |||||||||||
008 180219s2018 enka fob 001|0|eng|d
020 |a 9781784918026 (ebook) :  |c No price 
040 |a StDuBDS  |b eng  |c StDuBDS  |e rda  |e pn 
050 4 |a DA147 
082 0 4 |a 936.2787  |2 23 
100 1 |a Breeze, David J.  |q (David John),  |e author. 
245 1 0 |a Maryport :  |b a Roman fort and its community /  |c David J. Breeze. 
264 1 |a Summertown, Oxford :  |b Archaeopress Publishing Ltd,  |c 2018. 
300 |a 1 online resource (vi, 116 pages) :  |b illustrations (black and white, and colour) 
336 |a text  |2 rdacontent 
336 |a still image  |2 rdacontent 
337 |a computer  |2 rdamedia 
338 |a online resource  |2 rdacarrier 
500 |a Previously issued in print: 2018. 
504 |a Includes bibliographical references and index. 
520 8 |a The collection of Roman inscribed stones and sculpture, together with other Roman objects found at Maryport in Cumbria, is the oldest archaeological collection in Britain still in private hands. David Breeze places the collection in context and describes the history of research at the site. 
521 |a Specialized. 
588 |a Description based on online resource; title from home page (viewed on October 4, 2018). 
651 0 |a Maryport (England)  |x Antiquities, Roman. 
650 0 |a Romans  |z England  |z Maryport. 
610 2 0 |a Senhouse Roman Museum. 
776 0 8 |i Print version :  |z 9781784918019 
856 4 0 |3 Archaeopress  |u http://library.arce.org:8087/Archaeopress/Products/9781784918019 
942 |2 lcc  |c EBOOK 
952 |0 0  |1 0  |4 0  |6 DA0147  |7 1  |9 46365  |a ARCH  |b ARCH  |d 2023-04-12  |l 0  |o DA147  |r 2023-04-12 00:00:00  |w 2023-04-12  |y EBOOK 
999 |c 52023  |d 52023